00720cam a2200217Li 450000500170000000800410001702000180005802000180007603500210009404000500011504100080016524500830017326000580025630000220031450000210033665000160035765000230037365000390039670000280043570000390046320151022121715.0151016s2014 xxu frb 001 0 eng d z9781137263926 z9781137263933 a(OCoLC)882252338 aCO-BoUCMbspacSandra PalaciodSandra Palacio0 aeng00aJournalism and memory cEditado por Barbie Zelizer y Keren Tenenboim-Weinblatt aNueva York (Estados Unidos)bPalgrave Macmillanc2014 axv, 282 páginas aIncluye índice 7aPeriodismo  7aMemoria xEstudios 7aMedios de comunicación de masas 1 aZelizer, Barbieeeditor1 aTenenboim-Weinblatt, Kereneeditor